LDR 00899naa#a2200193#i#450# 001 EN\\bibl\120354 005 20260418105420.6 011 ## _a2782-4586 100 ## _a20260331b2026####ek#y0engy0150####ca 102 ## _aRU 200 1# _aCost-effectiveness of experimental research at different stages of the construction project life cycle _eJournal article 210 1# _aMoscow _cITBO University _d2026 215 ## _a4 с. 608 ## _aJournal article _2local 675 ## _aЭкономика строительства. 69.003 _aОрганизация производства (производственного процесса). Производственное планирование. Конструирование. Контроль на производстве. 658.5 _z 700 #1 _aTurchak _gAnna Evgen'evna 700 #1 _aBerdnik _gAnna Alekseevna 700 #1 _aGulyakin _gDmitriy Vladimirovich 856 4# _ajomeam.ru _u